000 00837nam a2200253Ia 4500
003 OSt
005 20221005103150.0
006 a|||||r|||| 00| 0
007 ta
008 221004b |||||||| |||| 00| 0 hin d
024 _a27000
037 _bGift, 16/05/2016,
_cTextual
040 _aCRL
_cCRL
_bhin
041 _2hin
_ahin
082 _aO152,6NV0x, K8
100 _aवोरा, जगदीश
245 0 _aपाठक के नोट
246 _aPāṭhak ke noṭa
260 _aउदयपुर
_bराजस्थान साहित्य अकादमी भारत
_c1968
300 _a153पृ0
_ccm.
650 _aहिन्दी साहित्य
942 _hO152,6NV0x, K8
_cTEXL
_2cc
999 _c1009530
_d1009530